|
|
|
|
| LEADER |
01106nam a2200325 a 4500 |
| 001 |
c000325786 |
| 003 |
CARM |
| 005 |
00000000000000.0 |
| 008 |
720612s1971 enk b 00110 eng |
| 015 |
|
|
|a B71-29874
|
| 019 |
1 |
|
|a 23878142
|z 612892
|z 22604888
|z 27491543
|z 61949535
|5 LACONCORD2021
|
| 020 |
|
|
|a 0091095913 (pbk.)
|
| 020 |
|
|
|a 0091095905
|
| 035 |
|
|
|a (OCoLC)347301
|5 LACONCORD2021
|
| 040 |
|
|
|d VECD
|
| 050 |
0 |
0 |
|a LB1139.L3
|b B65 1971
|
| 082 |
1 |
|
|a 401/.9
|2 19
|
| 100 |
1 |
|
|a Boyle, D. G.
|
| 245 |
1 |
0 |
|a Language and thinking in human development /
|c D.G. Boyle.
|
| 260 |
|
|
|a London :
|b Hutchinson,
|c 1971.
|
| 300 |
|
|
|a 191 p. ;
|c 23 cm.
|
| 504 |
|
|
|a Bibliography: p. [171]-181.
|
| 650 |
|
0 |
|a Psycholinguistics.
|
| 650 |
|
0 |
|a Thought and thinking.
|
| 650 |
|
0 |
|a Child psychology.
|
| 650 |
|
0 |
|a Children
|x Language.
|
| 650 |
|
0 |
|a Cognition in children.
|
| 852 |
8 |
|
|b CARM
|h A1:AP21A0
|i B07404
|p 0348306
|f BK
|
| 999 |
f |
f |
|i a3cfe00a-56cd-5581-b45b-79bd424291ae
|s 860c00a4-ca9d-51d9-8288-98d78b390939
|
| 952 |
f |
f |
|p Can circulate
|a CAVAL
|b CAVAL
|c CAVAL
|d CARM 1 Store
|e B07404
|f A1:AP21A0
|h Other scheme
|i book
|m 0348306
|